| 000 | 00969nam a2200253 a 4500 | ||
|---|---|---|---|
| 001 | 000022653 | ||
| 005 | 20200930021724.0 | ||
| 008 | 101014s1997 es 001 0 spa d | ||
| 020 | _a8423988244 | ||
| 040 |
_aDO-SdBNP _bspa _cBNPHU |
||
| 082 |
_axxxx _bC392 v |
||
| 100 | 1 |
_aCela, Camilo José _d1916-2002 _93188 |
|
| 245 | 1 | 0 |
_aViaje a la Alcarria; : _bBalada del vagabundo sin suerte y otros papeles volanderos ; El aspero y otros cuentos ; Esas nubes que pasan ; La colmena / _cCamilo José Cela. |
| 260 |
_aMadrid, : _bEditorial Espasa Calpe, _c1997. _fHuertas |
||
| 300 |
_a696 p. ; _c22 cm. |
||
| 490 | 1 | _aAntología de la literatura universal | |
| 563 | _aVarias obras empaginadas en páginas continuas | ||
| 740 | 2 | _aBalada del vagabundo sin suerte y otros papeles volanderos | |
| 740 | 2 | _aEl aspero y otros cuentos | |
| 740 | 2 | _aEsas nubes que pasan | |
| 740 | 2 | _aLa colmena | |
| 830 | 0 |
_aAntología de la literatura universal _946613 |
|
| 049 | _aBNPD | ||
| 999 |
_c22150 _d22150 |
||